书目信息 |
| 题名: |
管理学精要
|
|
| 作者: | 孔茨, , 韦里克, 著 ;韦福祥 译 | |
| 分册: | ||
| 出版信息: | 北京 机械工业出版社 2005.08 |
|
| 页数: | 273页 | |
| 开本: | 26cm | |
| 丛书名: | 管理教材译丛 | |
| 单 册: | ||
| 中图分类: | C93 | |
| 科图分类: | ||
| 主题词: | 管理学--guan li xue--教材 | |
| 电子资源: | ||
| ISBN: | 7-111-17049-0 | |
| 000 | 01381nam 2200313 450 | |
| 001 | 012006810575 | |
| 005 | 20060927155730.42 | |
| 010 | @a7-111-17049-0@dCNY36.00 | |
| 100 | @a20060623d2005 km y0chiy0120 ea | |
| 101 | 1 | @achi@ceng |
| 102 | @aCN@b110000 | |
| 105 | @aa a 000yy | |
| 200 | 1 | @a管理学精要@Aguan li xue jing yao@d= Essentials of management, an international perspective@f(美) 哈罗德·孔茨, 海因茨·韦里克著@F(mei)ha luo de·kong ci,hai yin ci·wei li ke zhu@g韦福祥等译@Gwei fu xiang deng yi@zeng |
| 210 | @a北京@c机械工业出版社@d2005.08 | |
| 215 | @a273页@c图@d26cm | |
| 225 | 2 | @a管理教材译丛@Aguan li jiao cai yi cong |
| 305 | @a据原书第6版译出。 | |
| 306 | @a本书中文简体字翻译版和美国麦格劳-希尔教育(亚洲)出版公司合作出版。 | |
| 320 | @a有书目。 | |
| 330 | @a本书分为六篇,第一篇研究基本和管理理论和实践,包括诸如管理、管理与外部环境的关系、社会责任及伦理等一系列问题。第二篇至第六篇则分别讨论了管理的计划、组织、人员配置、领导和控制等各项职能。 | |
| 410 | 0 | @12001 @a管理教材译丛 |
| 510 | 1 | @aEssentials of management, an international perspective@zeng |
| 606 | 0 | @a管理学@Aguan li xue@j教材 |
| 690 | @aC93@v4 | |
| 701 | 1 | @a孔茨,@Akong ci,@bH.@A(Koontz, Harold),@f1908-1984@4著 |
| 701 | 1 | @a韦里克,@Awei li ke,@bH.@g(Weihrich, Heinz)@4著 |
| 702 | 0 | @a韦福祥@Awei fu xiang@4译 |
| 801 | 0 | @aCN@c20060927 |
| 905 | @apdsgxy@dC93@eK743 | |
| 管理学精要= Essentials of management, an international perspective/(美) 哈罗德·孔茨, 海因茨·韦里克著/韦福祥等译.-北京:机械工业出版社,2005.08 |
| 273页:图;26cm.-(管理教材译丛) |
| ISBN 7-111-17049-0:CNY36.00 |
| 本书分为六篇,第一篇研究基本和管理理论和实践,包括诸如管理、管理与外部环境的关系、社会责任及伦理等一系列问题。第二篇至第六篇则分别讨论了管理的计划、组织、人员配置、领导和控制等各项职能。 |
| ● |
| 相关链接 |
|
|
|
正题名:管理学精要
索取号:C93/K743
 
预约/预借
| 序号 | 登录号 | 条形码 | 馆藏地/架位号 | 状态 | 备注 |
| 1 | 590863 | 205908632 | 社科库509/ [索取号:C93/K743] | 在馆 | |
| 2 | 590864 | 205908641 | 社科库509/509社科库 63排4列4层/ [索取号:C93/K743] | 在馆 | |
| 3 | 590865 | 205908650 | 社科库509/509社科库 63排4列4层/ [索取号:C93/K743] | 在馆 |